Новая популярная медицинская энциклопедия

Dades bibliogràfiques
Autor corporatiu: Российская академия медицинских наук (РАМН)
Altres autors: Покровский В. И. (редактор)
Sumari:«Новая популярная медицинская энциклопедия» предназначена широкому кругу читателей, интересующихся медициной. Кроме изложенных в общедоступной форме сведений о часто встречающихся заболеваниях, она содержит информацию о рациональном питании и других элементах здорового образа жизни, практические советы по профилактике заболеваний и их осложнений, рекомендации по гигиеническому воспитанию детей разных возрастных групп.
Idioma:rus
Publicat: Москва, Энциклопедия, 2008
Matèries:
Format: MixedMaterials Llibre
KOHA link:https://koha.lib.tpu.ru/cgi-bin/koha/opac-detail.pl?biblionumber=128051

MARC

LEADER 00000nam0a2200000 4500
001 128051
005 20231101220107.0
010 |a 9785948020068 
035 |a (RuTPU)RU\TPU\book\138505 
090 |a 128051 
100 |a 20071224d2008 km y0rusy50 ca 
101 0 |a rus 
102 |a RU 
105 |a a f 000zy 
200 1 |a Новая популярная медицинская энциклопедия  |f Российская академия медицинских наук (РАМН) ; под ред. В. И. Покровского 
210 |a Москва  |c Энциклопедия  |d 2008 
215 |a 736 с.  |c ил. 
330 |a «Новая популярная медицинская энциклопедия» предназначена широкому кругу читателей, интересующихся медициной. Кроме изложенных в общедоступной форме сведений о часто встречающихся заболеваниях, она содержит информацию о рациональном питании и других элементах здорового образа жизни, практические советы по профилактике заболеваний и их осложнений, рекомендации по гигиеническому воспитанию детей разных возрастных групп. 
606 1 |a Медицина  |2 stltpush  |3 (RuTPU)RU\TPU\subj\41780  |9 61564 
610 1 |a заболевания 
610 1 |a здоровый образ жизни 
610 1 |a рациональное питание 
610 1 |a осложнения 
610 1 |a профилактика 
610 1 |a гигиеническое воспитание 
610 1 |a энциклопедии 
675 |a 61(031)  |v 3 
702 1 |a Покровский  |b В. И.  |4 340 
712 0 2 |a Российская академия медицинских наук (РАМН)  |c (Москва)  |2 stltpush  |3 (RuTPU)RU\TPU\col\350 
801 1 |a RU  |b 63413507  |c 20071224  |g PSBO 
801 2 |a RU  |b 63413507  |c 20220831  |g PSBO 
942 |c BK 
959 |a 95/20071218  |d 1  |e 250,00  |f ЧЗСБО:1